Směnka a šek v České republice
Uložené v:
| Hlavný autor: | |
|---|---|
| Médium: | Kniha |
| Jazyk: | Czech |
| Vydavateľské údaje: |
Praha
C.H.Beck
2011
|
| Vydanie: | 6. přeprac. a dopln. vyd. |
| Edícia: | Beckova edice právo a hospodářství
|
| Predmet: | |
| Tagy: |
Žiadne tagy, Buďte prvý, kto otaguje tento záznam!
|
MARC
| LEADER | 00000nam a2200000 4500 | ||
|---|---|---|---|
| 001 | 0183324 | ||
| 005 | 20240313090417.9 | ||
| 020 | |a 978-80-7400-402-5 | ||
| 041 | 0 | |a cze | |
| 044 | |a CZ | ||
| 245 | 1 | 0 | |a Směnka a šek v České republice |c Zdeněk Kovařík |
| 250 | |a 6. přeprac. a dopln. vyd. | ||
| 264 | 1 | |a Praha |b C.H.Beck |c 2011 | |
| 300 | |a 642 s. | ||
| 490 | 1 | |a Beckova edice právo a hospodářství | |
| 830 | 0 | |a Beckova edice právo a hospodářství | |
| 610 | 2 | 0 | |a zmenky |
| 610 | 2 | 0 | |a šeky |
| 610 | 2 | 0 | |a úpravy právne |
| 610 | 2 | 0 | |a právo zmenkové a šekové |
| 610 | 2 | 0 | |a záväzky |
| 610 | 2 | 0 | |a právo medzinárodné |
| 610 | 2 | 0 | |a Česko |
| 100 | 1 | |a Kovařík, Zdeněk | |